000 00467nam a2200181Ia 4500
001 16862
005 20260306170342.0
008 260306t2023||||xx |||||||||||||| ||und||
041 _aESP
082 _a657.2
_bA11
100 _aAbanto Bromley, Martha,
_eAUT
245 0 _aActivos corrientes :
_bdinámica contable y casuística aplicada
260 _c2023
300 _a56, 56 páginas :
_c24 cm.
650 _aGEN
654 _aCCO
942 _cLIB
_dJUS
_fJUS
_2ddc
_n
999 _c16862
_d16862